|
|
|
|
| LEADER |
01309nam a2200325 a 4500 |
| 001 |
c000173147 |
| 003 |
CARM |
| 005 |
20040318182413.0 |
| 008 |
890727s1990 enka b 001 0deng |
| 010 |
|
|
|a 90123723
|
| 019 |
1 |
|
|a 6615355
|5 LACONCORD2021
|
| 020 |
|
|
|a 0946439664 :
|c £16.00
|
| 020 |
|
|
|a 0946439664 :
|
| 035 |
|
|
|a (OCoLC)28510408
|5 LACONCORD2021
|
| 040 |
|
|
|a LC
|b eng
|c LC
|d LC
|
| 050 |
0 |
0 |
|a RJ504.2
|b .H46 1990
|
| 082 |
0 |
0 |
|a 618.92/8917
|2 20
|
| 100 |
1 |
|
|a Hellman, Ilse.
|
| 245 |
1 |
0 |
|a From war babies to grandmothers :
|b forty-eight years in psychoanalysis /
|c Ilse Hellman ; foreword by Clifford Yorke.
|
| 260 |
|
|
|a London :
|b Institute of Psychoanalysis ;
|a London ;
|a New York :
|b Karnac Books :
|b Distributed in the U.S.A. by Brunner/Mazel,
|c 1990.
|
| 300 |
|
|
|a xi, 254 p. :
|b ill. ;
|c 23 cm.
|
| 504 |
|
|
|a Includes bibliographical references (p. 243-245) and index.
|
| 600 |
1 |
0 |
|a Helman, Ilse.
|
| 650 |
|
0 |
|a Child analysis.
|
| 650 |
|
0 |
|a Adolescent analysis.
|
| 650 |
|
0 |
|a Child analysis
|x Case studies.
|
| 650 |
|
0 |
|a Adolescent analysis
|x Case studies.
|
| 852 |
8 |
|
|b CARM
|h A2:AJ02A0
|i B05310
|p 0165804
|f BK
|
| 999 |
f |
f |
|i c7fb3a1b-63a4-5b42-ae39-fc024f960c31
|s 22fa5d46-22ea-5e52-9984-8a5c3b781a58
|
| 952 |
f |
f |
|p Can circulate
|a CAVAL
|b CAVAL
|c CAVAL
|d CARM 1 Store
|e B05310
|f A2:AJ02A0
|h Other scheme
|i book
|m 0165804
|